000 00868nam a22001337a 4500
040 _cRUA
082 _aANS KHE 2014 B445 Or.1
100 _aKHENG SOKHAK; ខេង សុខហាក់
245 _aUtilization of chaya leave (cnidosolus chayamansa) To replacing of fish meal for growing quailat at animal station of (RUA); ការប្រើប្រាស់ស្លឹកឆៃយ៉ា (cnidosolus chayamansa) ជំនួសម្សៅត្រីលើការលូតាលាស់របស់ក្រួចសាច់នៅស្ថានីយពិសោធន៏សត្វ នៃសាកលវិទ្យាល័យភូមិន្ទកសិកម្ម
260 _aPhnom Penh
_bRUA
_c2014
300 _ax;50p.
_bill.
_c29cm.
856 _uhttps://drive.google.com/file/d/1kY9MC_kBb1uzMgxrNyn-kGweEPrWiQPh/view?usp=sharing
942 _cANS
999 _c7407
_d7407